Alle Länder Südamerikas in 1 Minute - Statistiken

Allgemein
  • Dieses Quiz wurde 90 mal gespielt
  • Das Durchschnittsergebnis liegt bei 11 aus 12
Antwortstatistiken
Länder % Korrekt
Argentinien
97%
Brasilien
97%
Chile
97%
Bolivien
91%
Kolumbien
91%
Peru
91%
Venezuela
91%
Ecuador
87%
Paraguay
87%
Uruguay
86%
Guyana
84%
Suriname
77%
Keine übereinstimmenden Quizze gefunden
Verteilung der Resultate
Anzahl Personen mit jedem Resultat
Perzentil nach korrekt beantworteten Fragen
Ihre Resultats-Entwicklung
Sie haben dieses Quiz noch nicht gespielt